| 000 | 00385cam a22001337a 4500 | ||
|---|---|---|---|
| 008 | 180718b1961 xxu||||| |||| 00| 0 eng d | ||
| 082 | _aA32 DRA/B946 | ||
| 100 | _aBurrow, T. | ||
| 245 |
_aA dravidian etymological dictionary _cby T. Burrow and M.B. Emeneau |
||
| 260 |
_aLondon _bOUP _c1961 |
||
| 300 | _a609p. | ||
| 650 | _aDravidian Languages - Dictionaries | ||
| 700 | _aEmeneau, M.B. | ||
| 999 |
_c361233 _d361233 |
||